书目信息 |
| 题名: |
农村经济政策问答
|
|
| 作者: | ;国务院研究室农村经济组 编 | |
| 分册: | ||
| 出版信息: | 北京 中国农业出版社 1991.03 |
|
| 页数: | 202页 | |
| 开本: | 20cm | |
| 丛书名: | ||
| 单 册: | ||
| 中图分类: | F320.2 | |
| 科图分类: | ||
| 主题词: | 农业经济--中国 | |
| 电子资源: | ||
| ISBN: | 7-109-02197-1 | |
| 000 | 00610nam0 2200193 45 | |
| 001 | 0309150914 | |
| 005 | 20031219104114.2 | |
| 010 | @a7-109-02197-1@dCNY5.00 | |
| 100 | @a20030915d1991 km y0chiy0120 ea | |
| 101 | 0 | @achi |
| 105 | @a z 000yy | |
| 200 | 1 | @a农村经济政策问答@ANong Cun Jing Ji Zheng Ce Wen Da@f国务院研究室农村经济组编@FGuo Wu Yuan Yan Jiu Shi Nong Cun Jing Ji Zu Bian |
| 210 | @a北京@c中国农业出版社@d1991.03 | |
| 215 | @a202页@d20cm | |
| 606 | 0 | @a农业经济@x中国 |
| 690 | @aF320.2@v3 | |
| 711 | 02 | @a国务院研究室农村经济组@4编 |
| 801 | @aCN@bTSTC@c20030915 | |
| 905 | @f1@b249952@dF320.2@e24 | |
| 农村经济政策问答/国务院研究室农村经济组编.-北京:中国农业出版社,1991.03 |
| 202页;20cm |
| ISBN 7-109-02197-1:CNY5.00 |
| ● |
| 相关链接 |
|
|
|
|
正题名:农村经济政策问答
索取号:F320.2/24
 
预约/预借
| 序号 | 登录号 | 条形码 | 馆藏地/架位号 | 状态 | 备注 |
| 1 | 0249951 | 000211693 | 第一借阅区/ [索取号:F320.2/24] | 在馆 | |
| 2 | 0249952 | 001841298 | 密集书库/ [索取号:F320.2/24] | 在馆 | |
| 3 | 0249953 | 001841305 | 密集书库/ [索取号:F320.2/24] | 在馆 | |
| 4 | 0249954 | 000211737 | 第一样本阅览室/ [索取号:F320.2/24] | 在馆 |